Szczegóły MARC21

Aspekty finansowe, prawne i organizacyjne sportu akademickiego /

003 -Nazwa inst., której nr kontr. jest w polu 001 [,]
    • @
    • Nazwa instytucji, której n kontrolny jest w polu 001
    • NUKAT
005 -DATA I CZAS OSTATNIEJ MODYFIKACJI [,]
    • @
    • pole kontrolne
    • 20250814015141.0
020 -Międzynarod. znormalizowany nr książki - ISBN [ , ]
    • a
    • Numer ISBN
    • 9788323140306 Find
040 -Instytucja sporządzająca opis [ , ]
    • a
    • Instytucja, która sporządziła opis (NP)
    • GD U/AEK
    • b
    • Język katalogowania
    • pol
    • e
    • Zasady katalogowania
    • rda
    • c
    • Instytucja, która sporządziła rekord (NP)
    • GD U/AEKs
    • d
    • Instytucja, która zmodyfikowała rekord (P)
    • WR O/MB
    • d
    • Instytucja, która zmodyfikowała rekord (P)
    • KAT U/DO
    • d
    • Instytucja, która zmodyfikowała rekord (P)
    • WA 14/ABs
041 -Język dokumentu [0, ]
    • a
    • Język tekstu (P)
    • polski
    • b
    • Język streszczeń lub abstraktu (P)
    • angielski
942 -Rodzaj dokumentu [ , ]
    • c
    • Rodzaj dokumentu
    • Książka
245 -Strefa tytułu i oznaczenia odpowiedzialności [0,0]
    • a
    • Tytuł
    • Aspekty finansowe, prawne i organizacyjne sportu akademickiego / Find
    • c
    • Pozostałe elementy strefy tytułu i oznaczenia odpowiedzialności (NP)
    • pod redakcją Wojciecha Kiełbasińskiego, Bartłomieja Rosiaka.
250 -Strefa wydania [ , ]
    • a
    • Oznaczenie wydania (NP)
    • Wydanie pierwsze.
260 -Strefa adresu wydawniczego [ , ]
    • a
    • Miejsce wydania (P)
    • Toruń :
    • b
    • Nazwa wydawcy (P)
    • Wydawnictwo Naukowe Uniwersytetu Mikołaja Kopernika,
    • c
    • Data wydania (P)
    • 2018.
300 -Strefa opisu fizycznego [ , ]
    • a
    • Określenie formy książki i/lub objętość (NP)
    • 171, [1] strona :
    • b
    • Oznaczenie ilustracji (NP)
    • ilustracje ;
    • c
    • Format (NP)
    • 23 cm.
336 -Typ zawartości [ , ]
    • a
    • Termin opisujący typ zawartości
    • Tekst
    • b
    • Kod określający zawartość
    • txt
    • 2
    • Źródło (terminu i kodu)
    • rdacontent
337 -Typ mediów [ , ]
    • a
    • Tryb odtwarzania
    • Bez urządzenia pośredniczącego
    • b
    • Kod typu mediów
    • n
    • 2
    • Źródło (terminu i kodu)
    • rdamedia
338 -Typ/rodzaj nośnika [ , ]
    • a
    • Hasło opisujące typ nośnika
    • Wolumin
    • b
    • Kod typu nośnika
    • nc
    • 2
    • Źródło (terminu i kodu)
    • rdacarrier
380 -Deskryptor - Forma dzieła (P) [ , ]
    • a
    • forma dzieła (NP)
    • Książki
380 -Deskryptor - Forma dzieła (P) [ , ]
    • a
    • forma dzieła (NP)
    • Publikacje naukowe
388 -Deskryptor - czas powstania dzieła (P) [1, ]
    • a
    • Czas powstania dzieła (NP)
    • 2001-
490 -Strefa serii i książki wielotomowej - forma nie do wyszukiwania [1, ]
    • a
    • Tytuł (P)
    • Monografie Wydziału Prawa i Administracji Uniwersytetu Mikołaja Kopernika w Toruniu Find
830 -Hasło dodatkowe serii i opisu książki wielotomowej - tytuł ujednolicony/tytuł [ ,0]
    • a
    • Tytuł ujednolicony/tytuł (NP)
    • Monografie Wydziału Prawa i Administracji Uniwersytetu Mikołaja Kopernika w Toruniu
    • 9
    • KHW
    • 487237
504 -Uwaga dot. bibliogr. załącznikowej [ , ]
    • a
    • Uwaga dot. bibliografii załącznikowej
    • Bibliografia przy rozdziałach.
546 -Uwaga dot. języka [ , ]
    • a
    • Uwaga dot. języka
    • Streszczenie angielskie.
610 -Hasło przedmiotowe w formie nazwy ciała zbiorowego [2,7]
    • a
    • Nazwa ciała zbiorowego lub nazwa geograficzna
    • Unia Europejska (UE)
    • 2
    • Źródło terminu
    • DBN
    • 9
    • KHW
    • 723934
648 -Hasło przedmiotowe - chronologia [ ,7]
    • a
    • Deskryptor chronologiczny
    • 1901-2000
    • 2
    • Źródło terminu
    • DBN
    • 9
    • KHW
    • 721448
648 -Hasło przedmiotowe - chronologia [ ,7]
    • a
    • Deskryptor chronologiczny
    • 1989-2000
    • 2
    • Źródło terminu
    • DBN
    • 9
    • KHW
    • 721451
648 -Hasło przedmiotowe - chronologia [ ,7]
    • a
    • Deskryptor chronologiczny
    • 2001-
    • 2
    • Źródło terminu
    • DBN
    • 9
    • KHW
    • 721449
650 -Hasło przedmiotowe [ ,7]
    • a
    • Hasło przedmiotowe
    • Sport akademicki
    • x
    • Określnik rzeczowy
    • prawo
    • z
    • Określnik geograficzny
    • Polska.
    • 2
    • Źródło terminu
    • kaba
    • 9
    • KHW
    • 487325
650 -Hasło przedmiotowe [ ,7]
    • a
    • Hasło przedmiotowe
    • Sport akademicki
    • z
    • Określnik geograficzny
    • Polska
    • x
    • Określnik rzeczowy
    • finanse.
    • 2
    • Źródło terminu
    • kaba
    • 9
    • KHW
    • 487323
650 -Hasło przedmiotowe [ ,7]
    • a
    • Hasło przedmiotowe
    • Sport akademicki
    • x
    • Określnik rzeczowy
    • organizacja i administracja
    • z
    • Określnik geograficzny
    • Polska
    • y
    • Określnik chronologiczny
    • 1990-.
    • 2
    • Źródło terminu
    • kaba
    • 9
    • KHW
    • 487322
650 -Hasło przedmiotowe [ ,7]
    • a
    • Hasło przedmiotowe
    • Sport akademicki
    • z
    • Określnik geograficzny
    • Stany Zjednoczone.
    • 2
    • Źródło terminu
    • kaba
    • 9
    • KHW
    • 487324
650 -Hasło przedmiotowe [ ,7]
    • a
    • Hasło przedmiotowe
    • Sport akademicki
    • z
    • Określnik geograficzny
    • Polska
    • y
    • Określnik chronologiczny
    • 1990-.
    • 2
    • Źródło terminu
    • kaba
    • 9
    • KHW
    • 487321
650 -Hasło przedmiotowe [ ,7]
    • a
    • Hasło przedmiotowe
    • Aktywność fizyczna
    • 2
    • Źródło terminu
    • DBN
    • 9
    • KHW
    • 723517
650 -Hasło przedmiotowe [ ,7]
    • a
    • Hasło przedmiotowe
    • Finansowanie
    • 2
    • Źródło terminu
    • DBN
    • 9
    • KHW
    • 744868
650 -Hasło przedmiotowe [ ,7]
    • a
    • Hasło przedmiotowe
    • Organizacje sportowe
    • 2
    • Źródło terminu
    • DBN
650 -Hasło przedmiotowe [ ,7]
    • a
    • Hasło przedmiotowe
    • Prawo sportowe
    • 2
    • Źródło terminu
    • DBN
    • 9
    • KHW
    • 721509
650 -Hasło przedmiotowe [ ,7]
    • a
    • Hasło przedmiotowe
    • Sport
    • 2
    • Źródło terminu
    • DBN
    • 9
    • KHW
    • 721501
650 -Hasło przedmiotowe [ ,7]
    • a
    • Hasło przedmiotowe
    • Sportowcy
    • 2
    • Źródło terminu
    • DBN
    • 9
    • KHW
    • 730564
650 -Hasło przedmiotowe [ ,7]
    • a
    • Hasło przedmiotowe
    • Studentki i studenci
    • 2
    • Źródło terminu
    • DBN
    • 9
    • KHW
    • 721519
651 -Hasło przedmiotowe w formie nazwy geograficznej [ ,7]
    • a
    • Nazwa geograficzna
    • Polska
    • 2
    • Źródło terminu
    • DBN
    • 9
    • KHW
    • 721438
651 -Hasło przedmiotowe w formie nazwy geograficznej [ ,7]
    • a
    • Nazwa geograficzna
    • Stany Zjednoczone (USA)
    • 2
    • Źródło terminu
    • DBN
    • 9
    • KHW
    • 721489
655 -Hasło w funkcji tematu formalnego [ ,7]
    • a
    • Hasło
    • Praca zbiorowa
    • 2
    • Źródło terminu
    • DBN
    • 9
    • KHW
    • 721444
658 -Ujęcie treści [ , ]
    • a
    • dziedzina nauki i sztuki/ sfera aktywności życiowej
    • Kultura fizyczna i sport
658 -Ujęcie treści [ , ]
    • a
    • dziedzina nauki i sztuki/ sfera aktywności życiowej
    • Prawo i wymiar sprawiedliwości
700 -Hasło dodatkowe - nazwa osobowa [1, ]
    • a
    • Nazwa osobowa (NP)
    • Kiełbasiński, Wojciech. Find
    • e
    • Określenie rodzaju współpracy
    • Redakcja
    • 9
    • KHW
    • 487235
700 -Hasło dodatkowe - nazwa osobowa [1, ]
    • a
    • Nazwa osobowa (NP)
    • Rosiak, Bartłomiej. Find
    • e
    • Określenie rodzaju współpracy
    • Redakcja
    • 9
    • KHW
    • 487236
710 -Hasło dodatkowe - nazwa ciała zbiorowego [2, ]
    • a
    • Nazwa ciała zbiorowego lub nazwa geograficzna jako pierwszy element (NP)
    • Uniwersytet Mikołaja Kopernika (Toruń).
    • b
    • Nazwa jednostki podrzędnej (P)
    • Wydawnictwo Naukowe.
    • e
    • Rodzaj współpracy
    • Wydawca
    • 4
    • Kod relacji
    • pbl
    • 9
    • KHW
    • 54626
920 -ISBN [ , ]
    • a
    • ISBN
    • 978-83-231-4030-6 Find
Numer inwentarzowy Sygnatura Status udost. Lokalizacja Data inwentaryzacji
WF.10445Ekonomia i prawo w sporcie 431BM2019-04-08